[Event "Copenhagen Chess Challenge 2014"]
[Site "Ballerup"]
[Date "2014.05.18"]
[Round "8"]
[White "Bjerre, Jonas Buhl"]
[Black "Vesterli, Michael E"]
[Result "1-0"]
[WhiteElo "1961"]
[BlackElo "2107"]
[PlyCount "79"]
[EventDate "2014.??.??"]
[EventType "swiss"]
[EventRounds "9"]
[EventCountry "DEN"]

1. e4 c5 2. Nc3 d6 3. f4 Nc6 4. Nf3 g6 5. d3 Bg7 6. g3 e6 7. Bg2 Qa5 8. Bd2
Nge7 9. O-O O-O 10. h3 b5 11. e5 dxe5 12. Nxe5 Qa6 13. Qf3 Nxe5 14. fxe5 Rb8
15. Ne4 Bb7 16. Nxc5 Qb6 17. Qf2 Bxg2 18. Kxg2 Rbc8 19. Ne4 Qxf2+ 20. Rxf2 Rxc2
21. Bb4 Rxf2+ 22. Kxf2 Re8 23. Nd6 Rb8 24. d4 Nc6 25. Bc5 f6 26. exf6 Bxf6 27.
Ke3 a6 28. Rf1 Rf8 29. Kd3 Be7 30. Rxf8+ Kxf8 31. Ne4 e5 32. d5 Nb4+ 33. Bxb4
Bxb4 34. Ng5 Ke7 35. Ke4 Be1 36. g4 Bg3 37. Ne6 a5 38. Nc7 b4 39. b3 Kd7 40.
Nb5 1-0

[Event "Copenhagen Chess Challenge 2014"]
[Site "Ballerup"]
[Date "2014.05.18"]
[Round "8"]
[White "Frank Nielsen, Marie"]
[Black "Petrovski, Petruli"]
[Result "1/2-1/2"]
[WhiteElo "1992"]
[BlackElo "1866"]
[PlyCount "47"]
[EventDate "2014.??.??"]
[EventType "swiss"]
[EventRounds "9"]
[EventCountry "DEN"]

1. e4 e6 2. d4 d5 3. e5 Bd7 4. Nf3 a6 5. a4 c5 6. c3 Nc6 7. dxc5 Bxc5 8. b4 Ba7
9. Bd3 h6 10. O-O Nge7 11. Na3 Qc7 12. Bf4 f5 13. b5 Na5 14. Bd2 Nc4 15. Bxc4
dxc4 16. Qe2 axb5 17. Nxb5 Bxb5 18. axb5 O-O 19. Rab1 Bb6 20. Be3 Bxe3 21. Qxe3
Nd5 22. Qd4 g5 23. Rfe1 Ra3 24. h4 1/2-1/2

[Event "Copenhagen Chess Challenge 2014"]
[Site "Ballerup"]
[Date "2014.05.18"]
[Round "8"]
[White "Hansen, Mads"]
[Black "Haub, Thorsten Michael"]
[Result "1/2-1/2"]
[WhiteElo "2358"]
[BlackElo "2441"]
[PlyCount "101"]
[EventDate "2014.??.??"]
[EventType "swiss"]
[EventRounds "9"]
[EventCountry "DEN"]

1. e4 g6 2. d4 Bg7 3. Nf3 d6 4. Bc4 a6 5. O-O e6 6. Bb3 Ne7 7. Re1 Nd7 8. Nbd2
O-O 9. Nf1 c5 10. c3 b5 11. h4 c4 12. Bc2 e5 13. Ng3 Qc7 14. Bg5 Nf6 15. Nh2
Nc6 16. Qd2 Ng4 17. d5 Nd8 18. Nxg4 Bxg4 19. a4 Nb7 20. Ra3 Nc5 21. Rea1 Qb7
22. f3 f6 23. Be3 Bd7 24. h5 Rfb8 25. axb5 axb5 26. Qf2 Rxa3 27. Rxa3 Na4 28.
Ra2 Qc8 29. f4 Bh6 30. hxg6 hxg6 31. Nf1 Bxf4 32. Bxf4 exf4 33. Qxf4 Qc5+ 34.
Ne3 g5 35. Qf2 Nb6 36. Ra1 Ra8 37. Rf1 Rf8 38. g3 b4 39. cxb4 Qxb4 40. e5 dxe5
41. Qh2 e4 42. Qh6 Qe7 43. Qg6+ Qg7 44. Qxe4 f5 45. Nxf5 Bxf5 46. Rxf5 Rxf5 47.
Qxf5 Qd4+ 48. Kh2 Nxd5 49. Qxg5+ Kf8 50. Qf5+ Ke7 51. Qe4+ 1/2-1/2

[Event "Copenhagen Chess Challenge 2014"]
[Site "Ballerup"]
[Date "2014.05.18"]
[Round "8"]
[White "Jacobsen, Mikkel Manosri"]
[Black "Mueller, Reinhold"]
[Result "0-1"]
[WhiteElo "2113"]
[BlackElo "2282"]
[PlyCount "94"]
[EventDate "2014.??.??"]
[EventType "swiss"]
[EventRounds "9"]
[EventCountry "DEN"]

1. d4 Nf6 2. Nf3 g6 3. Bf4 Bg7 4. e3 d6 5. c4 O-O 6. Nc3 c5 7. Be2 b6 8. h3 Bb7
9. O-O cxd4 10. exd4 d5 11. b3 Nc6 12. Rc1 Rc8 13. Re1 dxc4 14. d5 Nb4 15. bxc4
Na6 16. Nb5 Nc5 17. Nxa7 Ra8 18. Nb5 Rxa2 19. Bc7 Qd7 20. Ne5 Qf5 21. Nd4 Qf4
22. g3 Qh6 23. Nef3 Qxh3 24. Bxb6 Nfe4 25. Bxc5 Nxc5 26. Bf1 Qd7 27. Ne5 Qd6
28. Nec6 e5 29. Nb5 Qf6 30. Rc2 Rxc2 31. Qxc2 Bxc6 32. dxc6 Qxc6 33. Bg2 Qf6
34. Nc3 Qa6 35. Nd5 Rb8 36. Kh2 h5 37. Ne7+ Kh7 38. Nc6 Re8 39. Bd5 f5 40. Qb2
e4 41. Qb4 Nd3 42. Qd6 Rc8 43. Re2 Ne5 44. Ra2 Ng4+ 45. Kh3 Qxa2 46. Ne7 Bf6
47. Qe6 Nxf2+ 0-1

[Event "Copenhagen Chess Challenge 2014"]
[Site "Ballerup"]
[Date "2014.05.18"]
[Round "8"]
[White "Jensen, Morten Frank"]
[Black "Kistrup, Nicolai"]
[Result "1-0"]
[WhiteElo "2005"]
[BlackElo "1721"]
[PlyCount "93"]
[EventDate "2014.??.??"]
[EventType "swiss"]
[EventRounds "9"]
[EventCountry "DEN"]

1. e4 c5 2. Nf3 d6 3. Bd3 g6 4. c3 Bg7 5. Bc2 Nc6 6. h3 Nf6 7. O-O O-O 8. d3
Nd7 9. Re1 b5 10. Be3 b4 11. d4 bxc3 12. bxc3 cxd4 13. cxd4 Nb4 14. Bb3 Ba6 15.
Qd2 Nd3 16. Rd1 N7c5 17. Nc3 Nxb3 18. axb3 Nb4 19. Ra4 Rb8 20. Rda1 Qd7 21.
Rxb4 Rxb4 22. Rxa6 Rxb3 23. Nd5 e6 24. Qa2 Rb7 25. Nf4 Ra8 26. d5 e5 27. Ne2 h6
28. Qa3 Bf8 29. Kh2 Kh7 30. Ng3 Qc7 31. Rc6 Qd7 32. Ra6 Qc7 33. h4 Qd7 34. h5
Qc7 35. Rc6 Qd7 36. Bd2 Rc8 37. Ra6 Rc4 38. Nxe5 Qe7 39. hxg6+ fxg6 40. Nxc4
Qh4+ 41. Kg1 Qe7 42. Bb4 Bg7 43. e5 Qd8 44. Nxd6 Rd7 45. Rxa7 Rxa7 46. Qxa7 h5
47. Qf7 1-0

[Event "Copenhagen Chess Challenge 2014"]
[Site "Ballerup"]
[Date "2014.05.18"]
[Round "8"]
[White "Johansen, Johnny Holler"]
[Black "Nyland, Thomas"]
[Result "0-1"]
[WhiteElo "1949"]
[BlackElo "2043"]
[PlyCount "130"]
[EventDate "2014.??.??"]
[EventType "swiss"]
[EventRounds "9"]
[EventCountry "DEN"]

1. e4 e5 2. Nf3 Nc6 3. d4 exd4 4. Nxd4 Bc5 5. Be3 Qf6 6. c3 Qg6 7. Nd2 Nf6 8.
Qf3 Ne5 9. Qf5 d6 10. Qxg6 hxg6 11. f3 Bd7 12. Nc4 O-O-O 13. Nxe5 dxe5 14. Nc2
Bxe3 15. Nxe3 Be6 16. Bc4 Bxc4 17. Nxc4 Nd7 18. Ke2 f6 19. h3 Nc5 20. Rhd1 Ne6
21. Ne3 Nf4+ 22. Kf1 c6 23. Rxd8+ Rxd8 24. Rd1 Nd3 25. Rd2 Kc7 26. Ke2 Nf4+ 27.
Kd1 Rh8 28. Ke1 b5 29. b4 a5 30. a3 axb4 31. axb4 Ra8 32. Rc2 Ra1+ 33. Kf2 Kd6
34. Rd2+ Ke6 35. c4 Rb1 36. cxb5 cxb5 37. g3 Nxh3+ 38. Kg2 Ng5 39. Nd5 Rb3 40.
Rf2 Kf7 41. Rf1 Ne6 42. Ra1 Rb2+ 43. Kf1 Nd4 44. Ra3 Nc6 45. Ra6 Nxb4 46. Ra7+
Kg8 47. Nc7 Nd3 48. Ne6 Rf2+ 49. Kg1 Rxf3 50. Kg2 Rf2+ 51. Kg1 b4 52. Rxg7+ Kh8
53. Rd7 Rf3 54. Kg2 Ne1+ 55. Kh3 b3 56. Rb7 Re3 57. Nc5 Nf3 58. Kg2 Nd4 59. Nd7
Re2+ 60. Kf1 b2 61. Nxf6 Rh2 62. Kg1 Nf3+ 63. Kf1 Rh1+ 64. Kg2 b1=Q 65. Rxb1
Rxb1 0-1

[Event "Copenhagen Chess Challenge 2014"]
[Site "Ballerup"]
[Date "2014.05.18"]
[Round "8"]
[White "Jorgensen, Dennis"]
[Black "Nordenbaek, Jan"]
[Result "1/2-1/2"]
[WhiteElo "2231"]
[BlackElo "2248"]
[PlyCount "24"]
[EventDate "2014.??.??"]
[EventType "swiss"]
[EventRounds "9"]
[EventCountry "DEN"]

1. d4 d5 2. c4 c6 3. Nf3 Nf6 4. e3 Bf5 5. Nc3 e6 6. Nh4 Bg6 7. Qb3 Qb6 8. Nxg6
hxg6 9. Be2 Nbd7 10. Bd2 g5 11. O-O-O Qxb3 12. axb3 Bb4 1/2-1/2

[Event "Copenhagen Chess Challenge 2014"]
[Site "Ballerup"]
[Date "2014.05.18"]
[Round "8"]
[White "Karlsson, Robin"]
[Black "Lauritsen, Martin Lee"]
[Result "1-0"]
[WhiteElo "2008"]
[BlackElo "2141"]
[PlyCount "121"]
[EventDate "2014.??.??"]
[EventType "swiss"]
[EventRounds "9"]
[EventCountry "DEN"]

1. d4 Nf6 2. c4 c5 3. d5 b5 4. cxb5 a6 5. bxa6 g6 6. Nc3 Bxa6 7. e4 Bxf1 8.
Kxf1 d6 9. Nf3 Bg7 10. g3 Nbd7 11. Kg2 O-O 12. a4 Qa5 13. Bd2 Qb6 14. h3 Rfb8
15. Qe2 Ne8 16. Rhb1 Nc7 17. Bg5 Kf8 18. Qd2 Ne5 19. Bh6 Nc4 20. Bxg7+ Kxg7 21.
Qe2 Qb3 22. Nd2 Nxd2 23. Qxd2 Rb4 24. Ra3 Qc4 25. b3 Qa6 26. Qb2 Kg8 27. Qc2
Rab8 28. Na2 Rd4 29. b4 Qa7 30. bxc5 Rxb1 31. Qxb1 Qxc5 32. Qb8+ Kg7 33. Rc3
Rc4 34. Qb2 Qd4 35. Qc2 Rxc3 36. Qxc3 Qxc3 37. Nxc3 f5 38. Kf3 Kf6 39. exf5
Kxf5 40. Ke3 g5 41. Kd4 h6 42. Nb5 Na6 43. a5 Nc5 44. Kc4 Na6 45. f3 h5 46.
Nd4+ Ke5 47. Nc6+ Kf6 48. Nb4 Nc7 49. a6 e6 50. dxe6 Kxe6 51. a7 Ke5 52. Na6
Na8 53. Kb5 d5 54. Kc6 d4 55. Nb4 h4 56. gxh4 gxh4 57. Kb7 Kf4 58. Kxa8 Kxf3
59. Kb8 Kg3 60. a8=Q Kxh3 61. Qh1+ 1-0

[Event "Copenhagen Chess Challenge 2014"]
[Site "Ballerup"]
[Date "2014.05.18"]
[Round "8"]
[White "Karlsson, Ulf"]
[Black "Nielsen, Viktor"]
[Result "1/2-1/2"]
[WhiteElo "1959"]
[BlackElo "2029"]
[PlyCount "35"]
[EventDate "2014.??.??"]
[EventType "swiss"]
[EventRounds "9"]
[EventCountry "DEN"]

1. e4 e5 2. Nf3 Nc6 3. Nc3 Nf6 4. d4 exd4 5. Nxd4 Bb4 6. Nxc6 bxc6 7. Bd3 d5 8.
exd5 cxd5 9. O-O O-O 10. Bg5 c6 11. Ne2 h6 12. Bh4 Be7 13. Nd4 Bd7 14. Re1 Re8
15. Qd2 c5 16. Nf5 Bxf5 17. Bxf5 Ne4 18. Bxe4 1/2-1/2

[Event "Copenhagen Chess Challenge 2014"]
[Site "Ballerup"]
[Date "2014.05.18"]
[Round "8"]
[White "Korley, Kassa"]
[Black "Stefansson, Hannes"]
[Result "0-1"]
[WhiteElo "2390"]
[BlackElo "2548"]
[PlyCount "92"]
[EventDate "2014.??.??"]
[EventType "swiss"]
[EventRounds "9"]
[EventCountry "DEN"]

1. Nf3 b6 2. g3 Bb7 3. Bg2 e5 4. d3 g6 5. O-O Bg7 6. c4 Ne7 7. Nc3 O-O 8. h4 d5
9. Nh2 Qd7 10. cxd5 Nxd5 11. Qb3 c6 12. Bd2 Na6 13. Rac1 Nc5 14. Qc4 Ne6 15.
Nf3 h6 16. Qg4 Rad8 17. Qh3 c5 18. a3 Rfe8 19. Rfe1 Re7 20. Qh1 Nxc3 21. Bxc3
Nc7 22. Nd2 Bxg2 23. Qxg2 Nb5 24. Nc4 Nxc3 25. bxc3 e4 26. dxe4 Qe6 27. Ne3
Qxe4 28. c4 Rd2 29. Rcd1 Rxd1 30. Rxd1 Bd4 31. Rd3 Bxe3 32. Rxe3 Qxg2+ 33. Kxg2
Rxe3 34. fxe3 Kf8 35. Kf3 Ke7 36. Kf4 Kd6 37. h5 a6 38. hxg6 fxg6 39. a4 Ke6
40. g4 Kf6 41. g5+ hxg5+ 42. Kg4 Ke5 43. Kxg5 Ke4 44. Kxg6 Kxe3 45. Kf5 Kxe2
46. Ke4 a5 0-1

[Event "Copenhagen Chess Challenge 2014"]
[Site "Ballerup"]
[Date "2014.05.18"]
[Round "8"]
[White "Krull, Carl"]
[Black "Nielsen, Thomas (1975)"]
[Result "0-1"]
[WhiteElo "1789"]
[BlackElo "1912"]
[PlyCount "162"]
[EventDate "2014.??.??"]
[EventType "swiss"]
[EventRounds "9"]
[EventCountry "DEN"]

1. e4 c6 2. d4 d5 3. exd5 cxd5 4. Bd3 Nf6 5. Ne2 g6 6. c3 Bg7 7. Bf4 O-O 8. Nd2
Nc6 9. Nf3 Bg4 10. Ne5 Bxe2 11. Qxe2 Rc8 12. O-O Nh5 13. Nxc6 Rxc6 14. Be3 a6
15. Rfc1 Qd6 16. b4 Rfc8 17. Bd2 Nf4 18. Qf3 Nxd3 19. Qxd3 Rc4 20. a4 e5 21.
Qg3 Qc7 22. Kf1 exd4 23. Qxc7 R4xc7 24. cxd4 Bxd4 25. Rxc7 Rxc7 26. Rc1 Rxc1+
27. Bxc1 b5 28. axb5 axb5 29. Ke2 f5 30. Be3 Bc3 31. Bc5 Kf7 32. Kd3 Be5 33. h3
Ke6 34. f3 Bg3 35. Bd4 Be1 36. Bc5 Bg3 37. Bd4 Kd6 38. Ba7 Kc6 39. Be3 Bd6 40.
Bd2 Kd7 41. Kd4 Ke6 42. Kd3 Be5 43. Be3 Bb2 44. Bf4 d4 45. Bd2 Kd5 46. g3 Ba1
47. Bh6 Bc3 48. Bf8 Be1 49. g4 Bc3 50. Bc5 Ke5 51. h4 Kf4 52. gxf5 gxf5 53. Ke2
Kg3 54. h5 Kh4 55. h6 Kg5 56. Bf8 Kg6 57. Kd3 Kf7 58. Bg7 Bxb4 59. Bxd4 Bf8 60.
Be3 Kg6 61. Kc3 Bxh6 62. Bc5 Kf7 63. Kb4 Bf8 64. Kxb5 Bxc5 65. Kxc5 Kg6 66. Kd4
Kg5 67. Ke3 h5 68. Kf2 Kf4 69. Kg2 h4 70. Kf2 h3 71. Kg1 Kxf3 72. Kh2 Kf2 73.
Kh1 f4 74. Kh2 f3 75. Kh1 Ke2 76. Kh2 f2 77. Kxh3 f1=Q+ 78. Kh2 Qf4+ 79. Kg2
Qg4+ 80. Kh1 Kf2 81. Kh2 Qg2# 0-1

[Event "Copenhagen Chess Challenge 2014"]
[Site "Ballerup"]
[Date "2014.05.18"]
[Round "8"]
[White "Larsen, Tor Ketil"]
[Black "Andersen, Kim Nyvang"]
[Result "0-1"]
[WhiteElo "2004"]
[BlackElo "2039"]
[PlyCount "124"]
[EventDate "2014.??.??"]
[EventType "swiss"]
[EventRounds "9"]
[EventCountry "DEN"]

1. e4 c5 2. Nc3 Nc6 3. Bb5 e6 4. Bxc6 bxc6 5. b3 Be7 6. f4 Nh6 7. Nf3 O-O 8. d3
f6 9. O-O Nf7 10. Qe1 d6 11. Na4 g6 12. g4 e5 13. f5 gxf5 14. gxf5 Kh8 15. Be3
Bd7 16. Kf2 Rg8 17. h4 Bf8 18. Qd2 Bg7 19. Rg1 Qf8 20. Nh2 Bh6 21. Ng4 Bxe3+
22. Qxe3 Qe7 23. Rg3 Rg7 24. Rag1 Rag8 25. h5 Rg5 26. Nc3 Be8 27. Nb1 Nd8 28.
h6 Bh5 29. Qf3 Qf8 30. Nd2 Rxg4 31. Rxg4 Rxg4 32. Rxg4 Qxh6 33. Nf1 Bxg4 34.
Qxg4 Nf7 35. Ng3 Qh2+ 36. Ke3 Qxc2 37. Nh5 Qc1+ 38. Ke2 Qg5 39. Qh3 Nh6 40. Ng3
Ng4 41. Nf1 h5 42. Nd2 Kg7 43. Nc4 d5 44. exd5 cxd5 45. Nd6 Kf8 46. Qf3 e4 47.
dxe4 Ne5 48. Qc3 Qg2+ 49. Kd1 Qf1+ 50. Kc2 Qe2+ 51. Kb1 Qf1+ 52. Kc2 Qf2+ 53.
Kb1 dxe4 54. Nb7 Qf1+ 55. Kb2 Nd3+ 56. Ka3 Qc1+ 57. Qxc1 Nxc1 58. Kb2 Nd3+ 59.
Kc2 Ke7 60. Na5 h4 61. Nc4 h3 62. Nd2 h2 0-1

[Event "Copenhagen Chess Challenge 2014"]
[Site "Ballerup"]
[Date "2014.05.18"]
[Round "8"]
[White "Murtuzov, Rauf Mubariz"]
[Black "Rosenkilde, Alexander"]
[Result "1-0"]
[WhiteElo "2079"]
[BlackElo "2271"]
[PlyCount "105"]
[EventDate "2014.??.??"]
[EventType "swiss"]
[EventRounds "9"]
[EventCountry "DEN"]

1. e4 c5 2. Nf3 d6 3. d4 cxd4 4. Nxd4 Nf6 5. Nc3 a6 6. Be3 e5 7. Nb3 Be6 8. f3
Nbd7 9. Qd2 Rc8 10. g4 h6 11. Nd5 Bxd5 12. exd5 Nb6 13. Bxb6 Qxb6 14. O-O-O Be7
15. Kb1 g6 16. h4 Nd7 17. Re1 Qd8 18. h5 g5 19. Bd3 Nc5 20. Bf5 Rc7 21. Rh2 O-O
22. Nxc5 Rxc5 23. c3 Kg7 24. Bc2 Bf6 25. Qd3 Rh8 26. Re4 Qb6 27. Rhe2 Qb5 28.
Qxb5 axb5 29. Rd2 Ra8 30. Rb4 Bd8 31. Bd1 Ra6 32. Be2 Rb6 33. Kc2 Kf6 34. Kb3
Ke7 35. Bd1 Ra6 36. Be2 Rb6 37. a3 Kf6 38. Ka2 Ke7 39. Kb1 Kf6 40. Kc2 Ke7 41.
Rd1 Kf6 42. a4 bxa4 43. Rxa4 Rc8 44. Rda1 Ke7 45. c4 Bc7 46. b4 Bb8 47. Kc3 Kd8
48. Bd3 Ke7 49. Bf5 Rd8 50. Ra8 Bc7 51. c5 Ra6 52. R1xa6 bxa6 53. Ra7 1-0

[Event "Copenhagen Chess Challenge 2014"]
[Site "Ballerup"]
[Date "2014.05.18"]
[Round "8"]
[White "Ochsner, Bjorn Moller"]
[Black "Mikkelsen, Nikolaj"]
[Result "1/2-1/2"]
[WhiteElo "2307"]
[BlackElo "2430"]
[PlyCount "93"]
[EventDate "2014.??.??"]
[EventType "swiss"]
[EventRounds "9"]
[EventCountry "DEN"]

1. e4 c5 2. Nf3 d6 3. d4 cxd4 4. Nxd4 Nf6 5. Nc3 g6 6. Be3 Bg7 7. f3 O-O 8. Qd2
Nc6 9. O-O-O d5 10. Qe1 Re8 11. Bb5 Bd7 12. exd5 Nxd4 13. Bxd4 Bxb5 14. Nxb5
Qxd5 15. Nc7 Qxa2 16. Nxe8 Rxe8 17. Rd3 Bh6+ 18. Be3 Bxe3+ 19. Rxe3 Qa1+ 20.
Kd2 Qxb2 21. Rd3 Qb5 22. Kc1 Kg7 23. Rb3 Qg5+ 24. Qd2 Qe5 25. Qc3 Qg5+ 26. Qd2
Qe5 27. Kb1 Rc8 28. Re1 Qc5 29. Rd1 b6 30. Rb2 Rc7 31. Qb4 Nd5 32. Qd4+ Qxd4
33. Rxd4 Ne3 34. g3 Nf5 35. Rd3 Nd6 36. Kc1 Kf6 37. Rbb3 Nb7 38. Rbc3 Nc5 39.
Rd8 e6 40. Ra8 h5 41. Ra3 a6 42. Rb8 Nd7 43. Rd8 Ke7 44. Rh8 Nc5 45. Rb8 Nd7
46. Rh8 Nc5 47. Rb8 1/2-1/2

[Event "Copenhagen Chess Challenge 2014"]
[Site "Ballerup"]
[Date "2014.05.18"]
[Round "8"]
[White "Pallesen, Jacob"]
[Black "Molvig, Julius"]
[Result "1/2-1/2"]
[WhiteElo "2029"]
[BlackElo "1899"]
[PlyCount "34"]
[EventDate "2014.??.??"]
[EventType "swiss"]
[EventRounds "9"]
[EventCountry "DEN"]

1. g3 Nf6 2. Bg2 g6 3. c4 Bg7 4. Nc3 O-O 5. f4 d6 6. Nf3 c5 7. O-O Nc6 8. d3 a6
9. Bd2 Rb8 10. a4 Bd7 11. Nd5 Nxd5 12. cxd5 Nd4 13. Bc3 b5 14. axb5 Bxb5 15.
Bxd4 cxd4 16. Nd2 Qb6 17. Qb3 Rfc8 1/2-1/2

[Event "Copenhagen Chess Challenge 2014"]
[Site "Ballerup"]
[Date "2014.05.18"]
[Round "8"]
[White "Pedersen, Daniel V"]
[Black "Christensen, Tobias"]
[Result "1/2-1/2"]
[WhiteElo "2244"]
[BlackElo "2368"]
[PlyCount "36"]
[EventDate "2014.??.??"]
[EventType "swiss"]
[EventRounds "9"]
[EventCountry "DEN"]

1. e4 c5 2. c3 d5 3. exd5 Nf6 4. d4 Nxd5 5. dxc5 e6 6. a3 Bxc5 7. c4 Qa5+ 8.
Nd2 Nf6 9. Bd3 Qb6 10. Qe2 Bd7 11. Ngf3 Bc6 12. b4 Bd4 13. Rb1 Bxf3 14. Nxf3
Bc3+ 15. Bd2 Bxd2+ 16. Nxd2 O-O 17. O-O Nc6 18. Ne4 Nxe4 1/2-1/2

[Event "Copenhagen Chess Challenge 2014"]
[Site "Ballerup"]
[Date "2014.05.18"]
[Round "8"]
[White "Roneid, Heidi"]
[Black "Hein, Jacob"]
[Result "1-0"]
[WhiteElo "1656"]
[BlackElo "1451"]
[PlyCount "89"]
[EventDate "2014.??.??"]
[EventType "swiss"]
[EventRounds "9"]
[EventCountry "DEN"]

1. e4 Nc6 2. Nf3 d6 3. d4 a6 4. Nc3 Nf6 5. Bc4 e6 6. O-O Be7 7. Re1 b5 8. Bd3
e5 9. d5 Nd4 10. Nxd4 exd4 11. Ne2 c5 12. dxc6 Qb6 13. a4 b4 14. a5 Qc5 15. Bd2
Bd8 16. Qc1 Ng4 17. h3 Ne5 18. Ra4 Nxc6 19. c3 bxc3 20. bxc3 Bxa5 21. Rc4 Qb6
22. Qa3 Ne5 23. Rxd4 Nxd3 24. Rxd3 O-O 25. Rd5 Bxc3 26. Nxc3 Be6 27. Rxd6 Qa7
28. Be3 Qc7 29. Rc1 Qe7 30. Rcd1 Rac8 31. Rxa6 Qh4 32. Bc5 Rfe8 33. Ra7 Qg5 34.
Be3 Qf6 35. Nb5 Rcd8 36. Rxd8 Qxd8 37. Nd6 Rf8 38. Bc5 Qb8 39. Rb7 Qd8 40. Ra7
Bd7 41. Nb7 Qg5 42. Bxf8 Bxh3 43. Qxh3 Kxf8 44. Qa3+ Ke8 45. Nd6+ 1-0

[Event "Copenhagen Chess Challenge 2014"]
[Site "Ballerup"]
[Date "2014.05.18"]
[Round "8"]
[White "Rydstrom, Tom"]
[Black "Olsen, Aage Dalstrup"]
[Result "1-0"]
[WhiteElo "2190"]
[BlackElo "2054"]
[PlyCount "45"]
[EventDate "2014.??.??"]
[EventType "swiss"]
[EventRounds "9"]
[EventCountry "DEN"]

1. e4 c5 2. Nf3 d6 3. d4 cxd4 4. Nxd4 Nf6 5. Nc3 Nc6 6. Bg5 e5 7. Ndb5 a6 8.
Na3 Be7 9. Bxf6 Bxf6 10. Nc4 Nd4 11. Nd5 b5 12. Nce3 Be6 13. c3 Nc6 14. a4 b4
15. cxb4 Nd4 16. Rc1 O-O 17. Bd3 Bg5 18. Rc3 f5 19. exf5 Nxf5 20. Bxf5 Bxf5 21.
Nxf5 Rxf5 22. O-O Qe8 23. Nc7 1-0

[Event "Copenhagen Chess Challenge 2014"]
[Site "Ballerup"]
[Date "2014.05.18"]
[Round "8"]
[White "Sahl, Bjarke"]
[Black "Hector, Jonny"]
[Result "0-1"]
[WhiteElo "2368"]
[BlackElo "2511"]
[PlyCount "116"]
[EventDate "2014.??.??"]
[EventType "swiss"]
[EventRounds "9"]
[EventCountry "DEN"]

1. d4 d5 2. c4 c6 3. Nf3 Nf6 4. e3 Bf5 5. Nc3 e6 6. Qb3 Qb6 7. Be2 Qxb3 8. axb3
Nbd7 9. O-O Be7 10. Bd2 O-O 11. Rfc1 h6 12. Na2 Rfe8 13. Bb4 Bd8 14. Nc3 Bc7
15. Ba5 Bd6 16. c5 Bb8 17. b4 a6 18. Na4 Ba7 19. Bc7 Rac8 20. Bg3 Ne4 21. Nc3
Nxg3 22. hxg3 Bb8 23. Nd2 e5 24. Nb3 Nf8 25. dxe5 Bxe5 26. Nd4 Bd7 27. Rd1 Re7
28. Na4 Bc7 29. Bd3 g6 30. Nb3 Rce8 31. Na5 Bc8 32. Nb6 Bxb6 33. cxb6 Nd7 34.
Bxa6 Nxb6 35. Bd3 Nd7 36. Nb3 Ne5 37. Nd4 Bd7 38. Be2 Rb8 39. Rdc1 Kf8 40. Ra7
h5 41. f4 Ng4 42. Bxg4 Bxg4 43. Kf2 Re4 44. Rc3 Bd7 45. Rca3 Ke7 46. Ra8 Rxa8
47. Rxa8 Kd6 48. Ke2 Re8 49. Ra7 Rb8 50. Kd2 Kc7 51. Ne2 Bf5 52. Ke1 Bd3 53.
Ra3 Bxe2 54. Kxe2 Re8 55. Kd3 Kb6 56. Ra5 Re4 57. Ra4 Kb5 58. Ra7 Re7 0-1

[Event "Copenhagen Chess Challenge 2014"]
[Site "Ballerup"]
[Date "2014.05.18"]
[Round "8"]
[White "Semcesen, Daniel"]
[Black "Fries Nielsen, Jens Ove"]
[Result "0-1"]
[WhiteElo "2513"]
[BlackElo "2384"]
[PlyCount "74"]
[EventDate "2014.??.??"]
[EventType "swiss"]
[EventRounds "9"]
[EventCountry "DEN"]

1. d4 c5 2. d5 g6 3. e4 d6 4. c4 Bg7 5. Nc3 e6 6. Bd3 Ne7 7. Nge2 Nd7 8. f4 O-O
9. O-O exd5 10. exd5 Nf6 11. h3 h5 12. Be3 Bf5 13. Bf2 Qd7 14. Kh2 Rfe8 15. Qc2
a6 16. a4 Bxd3 17. Qxd3 Nf5 18. Ng3 Nh6 19. Rfe1 h4 20. Nf1 Nf5 21. Ne3 Nxe3
22. Rxe3 Nh5 23. Bxh4 Nxf4 24. Rxe8+ Rxe8 25. Qf3 Be5 26. Bg3 Qf5 27. Rf1 Nh5
28. Bxe5 Qxe5+ 29. Kg1 f5 30. Rd1 Ng3 31. Qd3 Kg7 32. a5 f4 33. Qf3 Re7 34. Kh2
g5 35. Qg4 Kf8 36. Nb1 Nf5 37. Kg1 Ne3 0-1

[Event "Copenhagen Chess Challenge 2014"]
[Site "Ballerup"]
[Date "2014.05.18"]
[Round "8"]
[White "Skovgaard, Ib"]
[Black "Karlsson, Anders"]
[Result "1-0"]
[WhiteElo "2041"]
[BlackElo "1915"]
[PlyCount "79"]
[EventDate "2014.??.??"]
[EventType "swiss"]
[EventRounds "9"]
[EventCountry "DEN"]

1. e4 d6 2. Nf3 Nf6 3. Nc3 g6 4. d4 Bg7 5. a4 O-O 6. h3 b6 7. Bg5 h6 8. Bxf6
Bxf6 9. e5 Bg7 10. Bd3 Bb7 11. e6 fxe6 12. Nh4 c5 13. Qg4 Rf6 14. Nxg6 cxd4 15.
Ne4 Bxe4 16. Bxe4 d5 17. Bd3 Qd6 18. f4 Nc6 19. O-O Nb4 20. Rac1 Rc8 21. Ne5
Nxd3 22. cxd3 Rc5 23. Qh5 Qd8 24. g3 Qc7 25. Rxc5 bxc5 26. Ng4 c4 27. Nxf6+
exf6 28. Qe8+ Kh7 29. Qxe6 Qc5 30. Re1 c3 31. Qf5+ Kh8 32. Re8+ Bf8 33. Qxf6+
Kg8 34. Qg6+ Kh8 35. Qxh6+ Kg8 36. Qg6+ Kh8 37. Qf7 cxb2 38. Rxf8+ Qxf8 39.
Qxf8+ Kh7 40. Qb4 1-0

[Event "Copenhagen Chess Challenge 2014"]
[Site "Ballerup"]
[Date "2014.05.18"]
[Round "8"]
[White "Sorensen, Per Settergren"]
[Black "Yin, Zixiao"]
[Result "1/2-1/2"]
[WhiteElo "2021"]
[BlackElo "2020"]
[PlyCount "47"]
[EventDate "2014.??.??"]
[EventType "swiss"]
[EventRounds "9"]
[EventCountry "DEN"]

1. e4 d5 2. exd5 Qxd5 3. Nc3 Qa5 4. d4 c6 5. Nf3 Bg4 6. h3 Bxf3 7. Qxf3 e6 8.
Bd3 Nf6 9. O-O Bd6 10. Ne4 Nxe4 11. Bxe4 O-O 12. Qd3 Qh5 13. Bf3 Qa5 14. Bd2
Qc7 15. c4 Nd7 16. Bd1 e5 17. Bc2 f5 18. dxe5 Nxe5 19. Qc3 c5 20. Rae1 Nc6 21.
f4 Nd4 22. Kh1 Rae8 23. Be3 Nxc2 24. Qxc2 1/2-1/2

[Event "Copenhagen Chess Challenge 2014"]
[Site "Ballerup"]
[Date "2014.05.18"]
[Round "8"]
[White "Stojanovski, Sandi"]
[Black "Brondal, Paul"]
[Result "1-0"]
[WhiteElo "2265"]
[BlackElo "2078"]
[PlyCount "151"]
[EventDate "2014.??.??"]
[EventType "swiss"]
[EventRounds "9"]
[EventCountry "DEN"]

1. d4 Nf6 2. c4 e6 3. Nc3 d5 4. Bg5 Nbd7 5. e3 c6 6. Nf3 Qa5 7. cxd5 Nxd5 8.
Qd2 Bb4 9. Rc1 h6 10. Bh4 c5 11. a3 Bxc3 12. bxc3 N5f6 13. Bd3 b6 14. O-O Ba6
15. c4 Qxd2 16. Nxd2 cxd4 17. exd4 O-O 18. Rfd1 Rac8 19. f3 g5 20. Bf2 Rfd8 21.
Bf1 Bb7 22. Re1 e5 23. Nb3 e4 24. d5 exf3 25. gxf3 b5 26. Na5 Ba8 27. Nc6 Bxc6
28. dxc6 Rxc6 29. cxb5 Rxc1 30. Rxc1 Nb6 31. a4 Nxa4 32. Bxa7 Nd5 33. Rc6 h5
34. Bc4 Rd7 35. b6 Naxb6 36. Bxb6 Nxb6 37. Rxb6 g4 38. fxg4 hxg4 39. Rg6+ Kh7
40. Rxg4 f6 41. Kf2 Rd2+ 42. Kg3 Rd7 43. Be6 Rg7 44. h3 Rg5 45. Kf4 Kh6 46. Bf5
Kg7 47. Rh4 Rg1 48. Rh7+ Kg8 49. Ra7 Rf1+ 50. Ke4 Re1+ 51. Kd4 Re5 52. Be4 Rh5
53. Bd5+ Kh8 54. Be6 Re5 55. Bg4 Rg5 56. Ke4 Re5+ 57. Kf4 Rg5 58. h4 Rg7 59.
Ra6 Rf7 60. Bh5 Rh7 61. Kf5 Kg7 62. Kg4 Rh6 63. Ra7+ Kh8 64. Be8 Rh7 65. Ra4
Re7 66. Bg6 Kg7 67. Be4 Rc7 68. Kf4 Re7 69. Ra1 Re5 70. Rg1+ Kf7 71. Bf5 Ra5
72. h5 Ra4+ 73. Be4 Ra5 74. h6 Rg5 75. h7 Rxg1 76. h8=Q 1-0